Hellas Verona Squad 2024-2025 - Statistics

General Stats
  • This quiz has been taken 175 times
    82 since last reset
  • The average score is 21 of 42
Answer Stats
# Position Nation Player % Correct
1 GK Italy Lorenzo Montipò
85%
33 MF Slovakia Ondrej Duda
82%
31 MF Slovakia Tomáš Suslov
82%
35 FW Colombia Daniel Mosquera
78%
20 MF Cyprus Grigoris Kastanos
78%
- Coach Italy Paolo Zanetti
78%
14 FW Cape Verde Dailon Rocha Livramento
76%
9 FW Sweden Amin Sarr
73%
11 FW Denmark Casper Tengstedt
73%
38 DF Cameroon Jackson Tchatchoua
71%
27 DF Poland Paweł Dawidowicz
71%
42 DF Italy Diego Coppola
69%
8 MF Serbia Darko Lazović
67%
25 MF Germany Suat Serdar
67%
87 DF Italy Daniele Ghilardi
64%
6 DF Argentina Nicolás Valentini
64%
5 DF Italy Davide Faraoni
58%
12 DF Croatia Domagoj Bradarić
58%
4 DF Austria Flavius Daniliuc
55%
3 DF Denmark Martin Frese
53%
18 MF Morocco Abdou Harroui
49%
22 GK Italy Alessandro Berardi
49%
24 MF France Antoine Bernede
49%
6 MF France Reda Belahyane
49%
34 GK Italy Simone Perilli
47%
10 MF Senegal Cheikh Niasse
45%
23 DF Italy Giangiacomo Magnani
42%
2 DF England Daniel Oyegoke
40%
7 FW France Mathis Lambourde
40%
16 GK Italy Mattia Chiesa
40%
80 MF Italy Alphadjo Cissè
35%
15 DF France Yllan Okou
31%
21 MF Portugal Dani Silva
27%
19 DF Denmark Tobias Slotsager
22%
13 FW Argentina Juan Manuel Cruz
20%
72 FW Ivory Coast Junior Ajayi
20%
30 DF Brazil Luan Patrick
18%
98 GK Italy Federico Magro
16%
29 FW Germany Faride Alidou
15%
17 MF Belgium Ayanda Sishuba
13%
82 DF Italy Christian Corradi
13%
99 DF Sweden Karlson Nwanege
5%
No matching quizzes found
Score Distribution
Percent of People with Each Score
Percentile by Number Answered
Your Score History
You have not taken this quiz since the last reset